Analysis of the Most Effective Methods of Advertising to Increase Clientele at International Hotels

Bibliográfiai részletek
Szerző: Wyss-Lockner Darian
További közreműködők: Karsai Dr Árpád
Dokumentumtípus: Diplomadolgozat
Kulcsszavak:Advertising
Promotion
hotels
Online Access:http://dolgozattar.uni-bge.hu/15527

MARC

LEADER 00000nta a2200000 i 4500
001 dolg15527
005 20190228172810.0
008 180504suuuu hu om 000 eng d
040 |a BGE Dolgozattár Repozitórium  |b hun 
041 |a en 
100 1 |a Wyss-Lockner Darian 
245 1 0 |a Analysis of the Most Effective Methods of Advertising to Increase Clientele at International Hotels  |c Wyss-Lockner Darian  |h [elektronikus dokumentum] 
695 |a Advertising 
695 |a Promotion 
695 |a hotels 
700 1 |a Karsai Dr Árpád  |e ths 
856 4 0 |u http://dolgozattar.uni-bge.hu/15527/1/Final%20Dissertation%20PDF%20Darian%20Wyss.pdf  |z Dokumentum-elérés